| Tag |
First Indicator |
Second Indicator |
Subfields |
| LEADER |
00000cam a2200000 i 4500 |
| 001 |
in00003719607 |
| 005 |
20170210143411.0 |
| 008 |
150211s2016 hu b 001 0 eng |
| 010 |
|
|
|a 2015005512
|
| 035 |
|
|
|a (OCoLC)ocn903473918
|
| 040 |
|
|
|a DLC
|e rda
|c DLC
|d TXA
|
| 020 |
|
|
|a 9789633860793
|q (cloth)
|
| 020 |
|
|
|a 9633860792
|q (cloth)
|
| 020 |
|
|
|a 9789633861035
|q (paperback)
|
| 020 |
|
|
|a 9633861039
|q (paperback)
|
| 043 |
|
|
|a e-au---
|a e-gx---
|
| 050 |
0 |
0 |
|a DS134.26
|b .C84 2016
|
| 082 |
0 |
0 |
|a 305.892/4043
|2 23
|
| 049 |
|
|
|a TXAM
|
| 100 |
1 |
|
|a Cohen-Weisz, Susanne,
|e author.
|
| 245 |
1 |
0 |
|a Jewish life in Austria and Germany since 1945 :
|b identity and communal reconstruction /
|c Susanne Cohen-Weisz.
|
| 264 |
|
1 |
|a Budapest ;
|a New York :
|b Central European University Press,
|c 2016.
|
| 300 |
|
|
|a 423 pages ;
|c 24 cm.
|
| 336 |
|
|
|a text
|b txt
|2 rdacontent
|
| 337 |
|
|
|a unmediated
|b n
|2 rdamedia
|
| 338 |
|
|
|a volume
|b nc
|2 rdacarrier
|
| 504 |
|
|
|a Includes bibliographical references (pages 397-420) and index.
|
| 505 |
0 |
|
|a 1945-1953: two parallel "communities" and the short-lived revitalization of Jewish life -- 1953-1980: "sitting on packed suitcases" -- 1980-2015: settled and flourishing Jewish communities -- European-Jewish identity and cooperation: the future direction of Austrial and German Jewries?.
|
| 520 |
|
|
|a Based on published primary and secondary materials and oral interviews with some eighty communal and organizational leaders, experts and scholars, this book both provides a comparative systematic account of the reconstruction of Jewish communal life in Germany and Vienna (representing 98% of Austrian Jewry) after 1945 as it developed over the next six decades, and explains the process of communal reconstruction, and its outcomes in the two countries. In particular, it focuses on the similarities and differences between the communities in regard to their political, social, institutional and identity developments, and their members' changing attitudes toward and relationship with the surrounding societies, and seeks to show how these developed in diverse national political circumstances and varying governmental policies. It will eventually prove that more influential than national politics were domestic Jewish development processes, especially changes in Jewish group identity, which shapes not only the Jewish community itself but also its view of the gentile world and its interaction with it at the national level. The comparative perspective is then broadened to reveal the key variables and their pattern of influence responsible for the developments of and within the European Jewry and European-Jewish organizations.
|
| 650 |
|
0 |
|a Jews
|z Germany
|x History
|y 1945-1990.
|
| 650 |
|
0 |
|a Jews
|z Germany
|x History
|y 1990-
|
| 650 |
|
0 |
|a Jews
|z Germany
|x Social conditions
|y 20th century.
|
| 650 |
|
0 |
|a Jews
|z Germany
|x Identity
|x History
|y 20th century.
|
| 650 |
|
0 |
|a Jews
|z Austria
|z Vienna
|x History
|y 20th century.
|
| 650 |
|
0 |
|a Jews
|z Austria
|z Vienna
|x Social conditions
|y 20th century.
|
| 650 |
|
0 |
|a Jews
|z Austria
|x Identity
|x History
|y 20th century.
|
| 651 |
|
0 |
|a Germany
|x Ethnic relations.
|
| 651 |
|
0 |
|a Austria
|x Ethnic relations.
|
| 945 |
|
|
|a PromptCat
|
| 948 |
|
|
|a cataloged
|b h
|c 2017/2/10
|d c
|e dmitchel
|f 2:30:20 pm
|
| 994 |
|
|
|a C0
|b TXA
|
| 999 |
f |
f |
|s 367fd117-7be1-3224-8bc5-2b7d42bed61d
|i 18445dfb-1693-36b4-869a-393f79be8625
|t 0
|
| 952 |
f |
f |
|p normal
|a Texas A&M University
|b College Station
|c Sterling C. Evans Library
|d Evans: Library Stacks
|t 0
|e DS134.26 .C84 2016
|h Library of Congress classification
|i unmediated -- volume
|m A14850013286
|
| 998 |
f |
f |
|a DS134.26 .C84 2016
|t 0
|l Evans: Library Stacks
|